<?xml version="1.0" encoding="UTF-8"?>
<record
    xmlns:xsi="http://www.w3.org/2001/XMLSchema-instance"
    xsi:schemaLocation="http://www.loc.gov/MARC21/slim http://www.loc.gov/standards/marcxml/schema/MARC21slim.xsd"
    xmlns="http://www.loc.gov/MARC21/slim">

  <leader>00803nam a2200181Ia 4500</leader>
  <controlfield tag="008">090630s9999    xx            000 0 und d</controlfield>
  <datafield tag="082" ind1=" " ind2=" ">
    <subfield code="b">12298</subfield>
  </datafield>
  <datafield tag="100" ind1=" " ind2=" ">
    <subfield code="a">&#x921;&#x949;. &#x926;&#x947;&#x916;&#x923;&#x947; &#x930;&#x93E;&#x92E;&#x91A;&#x902;&#x926;&#x94D;&#x930;.</subfield>
  </datafield>
  <datafield tag="245" ind1=" " ind2=" ">
    <subfield code="a">&#x92E;&#x939;&#x93E;&#x930;&#x93E;&#x937;&#x94D;&#x91F;&#x94D;&#x930;&#x93E;&#x91A;&#x93E; &#x932;&#x94B;&#x915;&#x926;&#x947;&#x935; - &#x916;&#x902;&#x921;&#x94B;&#x92C;&#x93E;.</subfield>
    <subfield code="c">&#x921;&#x949;. &#x926;&#x947;&#x916;&#x923;&#x947; &#x930;&#x93E;&#x92E;&#x91A;&#x902;&#x926;&#x94D;&#x930;.</subfield>
  </datafield>
  <datafield tag="260" ind1=" " ind2=" ">
    <subfield code="b">&#x92A;&#x926;&#x94D;&#x930;&#x92E;&#x917;&#x902;&#x927;&#x93E;.</subfield>
    <subfield code="c">1992</subfield>
  </datafield>
  <datafield tag="300" ind1=" " ind2=" ">
    <subfield code="a">140</subfield>
  </datafield>
  <datafield tag="600" ind1=" " ind2=" ">
    <subfield code="a">&#x921;&#x949;. &#x926;&#x947;&#x916;&#x923;&#x947; &#x930;&#x93E;&#x92E;&#x91A;&#x902;&#x926;&#x94D;&#x930;.</subfield>
  </datafield>
  <datafield tag="630" ind1=" " ind2=" ">
    <subfield code="a">&#x92E;&#x939;&#x93E;&#x930;&#x93E;&#x937;&#x94D;&#x91F;&#x94D;&#x930;&#x93E;&#x91A;&#x93E; &#x932;&#x94B;&#x915;&#x926;&#x947;&#x935; - &#x916;&#x902;&#x921;&#x94B;&#x92C;&#x93E;.</subfield>
  </datafield>
  <datafield tag="655" ind1=" " ind2=" ">
    <subfield code="a">&#x927;&#x93E;&#x930;&#x94D;&#x92E;&#x93F;&#x915;.</subfield>
  </datafield>
  <datafield tag="700" ind1=" " ind2=" ">
    <subfield code="a">&#x921;&#x949;. &#x926;&#x947;&#x916;&#x923;&#x947; &#x930;&#x93E;&#x92E;&#x91A;&#x902;&#x926;&#x94D;&#x930;.</subfield>
  </datafield>
  <datafield tag="730" ind1=" " ind2=" ">
    <subfield code="a">&#x92E;&#x939;&#x93E;&#x930;&#x93E;&#x937;&#x94D;&#x91F;&#x94D;&#x930;&#x93E;&#x91A;&#x93E; &#x932;&#x94B;&#x915;&#x926;&#x947;&#x935; - &#x916;&#x902;&#x921;&#x94B;&#x92C;&#x93E;.</subfield>
  </datafield>
  <datafield tag="942" ind1=" " ind2=" ">
    <subfield code="c">BOOK</subfield>
  </datafield>
  <datafield tag="999" ind1=" " ind2=" ">
    <subfield code="c">264154</subfield>
    <subfield code="d">264154</subfield>
  </datafield>
  <datafield tag="952" ind1=" " ind2=" ">
    <subfield code="0">0</subfield>
    <subfield code="1">0</subfield>
    <subfield code="4">0</subfield>
    <subfield code="7">0</subfield>
    <subfield code="a">SAWASHRI</subfield>
    <subfield code="b">SAWASHRI</subfield>
    <subfield code="d">1993-10-03</subfield>
    <subfield code="g">70.00</subfield>
    <subfield code="l">0</subfield>
    <subfield code="o">12298</subfield>
    <subfield code="p">SAWASHRI-12298</subfield>
    <subfield code="r">2009-06-30 00:00:00</subfield>
    <subfield code="v">70.00</subfield>
    <subfield code="w">2009-06-30</subfield>
    <subfield code="y">BOOK</subfield>
  </datafield>
</record>
